Catálogo
 En Linea

Los responsables : (Registro nro. 21837)

Detalles MARC
000 -CABECERA
campo de control de longitud fija 00595nam a2200181 a 4500
001 - NÚMERO DE CONTROL
campo de control 000022339
005 - FECHA Y HORA DE LA ÚLTIMA TRANSACCIÓN
campo de control 20200930011706.0
008 - DATOS DE LONGITUD FIJA--INFORMACIÓN GENERAL
campo de control de longitud fija 100930s1974 ag 001 0 spa d
040 ## - FUENTE DE LA CATALOGACIÓN
Centro catalogador/agencia de origen DO-SdBNP
Lengua de catalogación spa
Centro/agencia transcriptor BNPHU
049 ## - FONDOS LOCALES (OCLC)
Fondos de biblioteca BNPD
100 1# - ENTRADA PRINCIPAL--NOMBRE DE PERSONA
Nombre de persona White, william S.
9 (RLIN) 46098
245 14 - MENCIÓN DE TÍTULO
Título Los responsables :
Resto del título Tuman Taft Eisenhower Kennedy Johnson /
Mención de responsabilidad, etc. William S. White; traductor Manuel Barberá.
260 ## - PUBLICACIÓN, DISTRIBUCIÓN, ETC.
Lugar de publicación, distribución, etc. Buenos Aires :
Nombre del editor, distribuidor, etc. Edisiones economía y empresa/Prolam,
Fecha de publicación, distribución, etc. 1974.
300 ## - DESCRIPCIÓN FÍSICA
Extensión 197 p. ;
Dimensiones 23 cm.
490 1# - MENCIÓN DE SERIE
Mención de serie La empresa
700 1# - PUNTO DE ACCESO ADICIONAL--NOMBRE DE PERSONA
Nombre de persona Barberá, Manuel
Término indicativo de función/relación tr.
9 (RLIN) 9940
830 #0 - PUNTO DE ACCESO ADICIONAL DE SERIE-TÍTULO UNIFORME
Título uniforme La empresa
9 (RLIN) 46099
Existencias
Estado de retiro Estado de pérdida Restricciones de uso No para préstamo Código de colección Localización permanente Ubicación/localización actual Ubicación en estantería Fecha de adquisición Número de inventario Total de préstamos Signatura topográfica completa Código de barras Fecha visto por última vez Precio válido a partir de Tipo de ítem Koha
      Excluido de préstamo Monografías: Libros y Folletos General General En catalogación 30.09.2010 LF1   22339-10 25.06.2020 25.06.2020 No se presta

Con tecnología Koha